00513nam a2200181Ia 450000500170000000800410001704000190005804100120007708200160008910000180010524500560012325000120017926000420019130000280023350400320026165000280029385000100032120221124113532.0131103s9999 xx 000 0 und d aLoreto College aEnglish a954.01bTHA aThapar,Romila aAsoka and the decline of the MauryascRomila Thapar a2nd ed. aBombaybOxford University Pressc1961 axi,285 p.b plates,maps aIncludes index,bibliography aHistory - Ancient India aLCLIB